Mulla, the code of civil Procedure/ (Record no. 5244)
[ view plain ]
| 000 -LEADER | |
|---|---|
| fixed length control field | 01039nam a22002177a 4500 |
| 008 - FIXED-LENGTH DATA ELEMENTS--GENERAL INFORMATION | |
| fixed length control field | 130210t xxu||||| |||| 00| 0 eng d |
| 020 ## - INTERNATIONAL STANDARD BOOK NUMBER | |
| International Standard Book Number | 9-7881-8038-6930 |
| 082 ## - DEWEY DECIMAL CLASSIFICATION NUMBER | |
| Edition number | 22 ed. |
| Classification number | 347.05 |
| Item number | MUL |
| 100 ## - MAIN ENTRY--PERSONAL NAME | |
| Personal name | Mulla, Dinshah Fardunji |
| 9 (RLIN) | 6873 |
| 245 ## - TITLE STATEMENT | |
| Title | Mulla, the code of civil Procedure/ |
| Statement of responsibility, etc | Mulla, Dinshah Fardunji |
| 250 ## - EDITION STATEMENT | |
| Edition statement | 18 ed. |
| 260 ## - PUBLICATION, DISTRIBUTION, ETC. (IMPRINT) | |
| Place of publication, distribution, etc | India : |
| Name of publisher, distributor, etc | LexisNexis |
| Date of publication, distribution, etc | 2011 |
| 300 ## - PHYSICAL DESCRIPTION | |
| Extent | cdlxxix, 3933 P. ; |
| Dimensions | 25 cm. |
| 500 ## - GENERAL NOTE | |
| General note | Includes Consolidated subject index |
| 650 ## - SUBJECT ADDED ENTRY--TOPICAL TERM | |
| Topical term or geographic name as entry element | Civil Procedure |
| 9 (RLIN) | 990 |
| 650 ## - SUBJECT ADDED ENTRY--TOPICAL TERM | |
| Topical term or geographic name as entry element | Mulla, the code of civil Procedure |
| 9 (RLIN) | 6874 |
| 942 ## - ADDED ENTRY ELEMENTS (KOHA) | |
| Source of classification or shelving scheme | Dewey Decimal Classification |
| Item type | Books |
| Withdrawn status | Lost status | Source of classification or shelving scheme | Damaged status | Not for loan | Home library | Current library | Shelving location | Date acquired | Total Checkouts | Full call number | Barcode | Date last seen | Price effective from | Koha item type | Public note |
|---|---|---|---|---|---|---|---|---|---|---|---|---|---|---|---|
| Dewey Decimal Classification | Law Development Centre Main Library | Law Development Centre Main Library | Text Books and Laws | 02/10/2013 | 347.05 MUL | 4208/2013 | 02/10/2013 | 02/10/2013 | Books | Reserve | |||||
| Dewey Decimal Classification | Law Development Centre Main Library | Law Development Centre Main Library | Text Books and Laws | 02/10/2013 | 347.05 MUL | 4209/2013 | 02/10/2013 | 02/10/2013 | Books | Reserve | |||||
| Dewey Decimal Classification | Law Development Centre Main Library | Law Development Centre Main Library | Text Books and Laws | 02/10/2013 | 347.05 MUL | 4210/2013 | 02/10/2013 | 02/10/2013 | Books | Reserve |
